European Countries in Alphabetical Order - Statistics

General Stats
  • This quiz has been taken 41 times
  • The average score is 33 of 44
Answer Stats
First Letter Answer % Correct
A Andorra
100%
A Albania
96%
A Austria
96%
F Finland
89%
F France
89%
G Germany
89%
I Iceland
89%
I Ireland
89%
L Latvia
89%
B Belarus
86%
B Belgium
86%
B Bulgaria
86%
C Croatia
86%
D Denmark
86%
E Estonia
86%
H Hungary
86%
B Bosnia and Herzegovina
82%
C Czech Republic
82%
G Greece
82%
I Italy
82%
L Liechtenstein
82%
L Lithuania
82%
L Luxembourg
79%
R Russia
79%
P Poland
75%
R Romania
75%
N Norway
71%
P Portugal
71%
S San Marino
71%
M Moldova
68%
M Montenegro
68%
N Netherlands
68%
M Malta
64%
M Monaco
64%
V Vatican City
64%
S Serbia
57%
S Slovakia
57%
S Slovenia
57%
S Sweden
57%
S Switzerland
57%
U United Kingdom
57%
N North Macedonia
54%
S Spain
54%
U Ukraine
54%
No matching quizzes found
Score Distribution
Percent of People with Each Score
Percentile by Number Answered
Your Score History
You have not taken this quiz